000 00360nam a2200157Ia 4500
003 0STCL
008 150530s9999 xx 000 0 und d
040 _aSTCL
_cSTCL
100 _aGurney, R.W.
245 _aIonic processes in solutions
260 _bMcgraw hill
_c1953
546 _aEnglish
942 _2ddc
_cBK
999 _c32141
_d32141
005 20220125170236.0